"God Did for Me What I Couldn’t Do for Myself": Understanding Religiosity, Spirituality, and Locus of Control Among Black Americans Who Use Opioids
The present study explored how Black Americans who misuse opioids frame their views of spirituality/religion and locus of control (LOC). The current sample consisted of 39 Black adults residing in two urban cities in Kentucky and reported prescription opioid misuse. Using a locus of control theory a...
| Authors: | ; ; ; ; |
|---|---|
| Format: | Electronic Article |
| Language: | English |
| Check availability: | HBZ Gateway |
| Interlibrary Loan: | Interlibrary Loan for the Fachinformationsdienste (Specialized Information Services in Germany) |
| Published: |
2025
|
| In: |
Journal of religion and health
Year: 2025, Volume: 64, Issue: 6, Pages: 4803-4823 |
| Further subjects: | B
Black Americans
B Spirituality B Locus of control B Religion B Opioid use |
| Online Access: |
Presumably Free Access Volltext (lizenzpflichtig) |
MARC
| LEADER | 00000naa a22000002c 4500 | ||
|---|---|---|---|
| 001 | 1938506944 | ||
| 003 | DE-627 | ||
| 005 | 20251016081237.0 | ||
| 007 | cr uuu---uuuuu | ||
| 008 | 251016s2025 xx |||||o 00| ||eng c | ||
| 024 | 7 | |a 10.1007/s10943-025-02260-3 |2 doi | |
| 035 | |a (DE-627)1938506944 | ||
| 035 | |a (DE-599)KXP1938506944 | ||
| 040 | |a DE-627 |b ger |c DE-627 |e rda | ||
| 041 | |a eng | ||
| 084 | |a 0 |2 ssgn | ||
| 100 | 1 | |a Jester, Jasmine K. |e VerfasserIn |0 (orcid)0000-0002-7619-8573 |4 aut | |
| 245 | 1 | 0 | |a "God Did for Me What I Couldn’t Do for Myself" |b Understanding Religiosity, Spirituality, and Locus of Control Among Black Americans Who Use Opioids |
| 264 | 1 | |c 2025 | |
| 336 | |a Text |b txt |2 rdacontent | ||
| 337 | |a Computermedien |b c |2 rdamedia | ||
| 338 | |a Online-Ressource |b cr |2 rdacarrier | ||
| 520 | |a The present study explored how Black Americans who misuse opioids frame their views of spirituality/religion and locus of control (LOC). The current sample consisted of 39 Black adults residing in two urban cities in Kentucky and reported prescription opioid misuse. Using a locus of control theory as a framework, we qualitatively explored participants' views of spirituality, religion, and opioid misuse. Structural-tabular thematic analysis (ST-TA) was used to analyze 39 interviews for three components of LOC: (1) external locus of control, (2) internal locus of control (ILC), and (3) mixed locus of control. Results indicated that participants' religious/spiritual views shaped their beliefs related to LOC, opioid misuse, and drug recovery. Directions for future research and implications for clinicians are discussed. | ||
| 601 | |a Spiritual | ||
| 601 | |a Locus of Control | ||
| 601 | |a Controlling | ||
| 650 | 4 | |a Black Americans | |
| 650 | 4 | |a Locus of Control | |
| 650 | 4 | |a Opioid use | |
| 650 | 4 | |a Religion | |
| 650 | 4 | |a Spirituality | |
| 700 | 1 | |a Verty, Valerie P. A. |e VerfasserIn |0 (orcid)0009-0001-0410-3600 |4 aut | |
| 700 | 1 | |a Hargons, Candice N. |e VerfasserIn |0 (orcid)0000-0001-9329-3401 |4 aut | |
| 700 | 1 | |a Thorpe, Shemeka |e VerfasserIn |0 (orcid)0000-0003-2931-7178 |4 aut | |
| 700 | 1 | |a Stevens-Watkins, Danelle |e VerfasserIn |0 (orcid)0000-0003-3513-9056 |4 aut | |
| 773 | 0 | 8 | |i Enthalten in |t Journal of religion and health |d New York, NY [u.a.] : Springer Science + Business Media B.V., 1961 |g 64(2025), 6 vom: Dez., Seite 4803-4823 |h Online-Ressource |w (DE-627)320578089 |w (DE-600)2017250-3 |w (DE-576)121466191 |x 1573-6571 |7 nnas |
| 773 | 1 | 8 | |g volume:64 |g year:2025 |g number:6 |g month:12 |g pages:4803-4823 |
| 856 | |u https://pmc.ncbi.nlm.nih.gov/articles/PMC12588266/ |x unpaywall |z Vermutlich kostenfreier Zugang |h repository [deprecated] | ||
| 856 | 4 | 0 | |u https://doi.org/10.1007/s10943-025-02260-3 |x Resolving-System |z lizenzpflichtig |3 Volltext |7 1 |
| 951 | |a AR | ||
| ELC | |a 1 | ||
| ITA | |a 1 |t 1 | ||
| LOK | |0 000 xxxxxcx a22 zn 4500 | ||
| LOK | |0 001 4788563258 | ||
| LOK | |0 003 DE-627 | ||
| LOK | |0 004 1938506944 | ||
| LOK | |0 005 20251016074626 | ||
| LOK | |0 008 251016||||||||||||||||ger||||||| | ||
| LOK | |0 040 |a DE-Tue135 |c DE-627 |d DE-Tue135 | ||
| LOK | |0 092 |o n | ||
| LOK | |0 852 |a DE-Tue135 | ||
| LOK | |0 852 1 |9 00 | ||
| LOK | |0 935 |a ixzs |a ixzo | ||
| LOK | |0 939 |a 16-10-25 |b l01 | ||
| OAS | |a 1 | ||
| ORI | |a SA-MARC-ixtheoa001.raw | ||
| REL | |a 1 | ||
| STA | 0 | 0 | |a Locus of control,Religion,Religions,Religion,Religion in literature |
| STB | 0 | 0 | |a Locus de contrôle,Lieu de maitrise (psychologie),Lieu de maitrise,Religion,Religions,Religion |
| STC | 0 | 0 | |a Locus de control,Religión,Religión,Religión |
| STD | 0 | 0 | |a Locus of control,Religione,Religione,Religione |
| STE | 0 | 0 | |a 宗教,宗教 |
| STF | 0 | 0 | |a 宗教,宗教 |
| STG | 0 | 0 | |a Locus de controle,Religião,Religião |
| STH | 0 | 0 | |a Локус контроля,Религия (мотив),Религия |
| STI | 0 | 0 | |a Locus of control,Σημείο ελέγχου,Θρησκεία (μοτίβο),Θρησκεία |
| SUB | |a REL | ||
| SYE | 0 | 0 | |a Kontrollüberzeugung , Religion,Mystik,Mythologie |



